000 01017nam a2200253Ia 4500
001 17041
003 GE_BSU
008 181216s||||||||xx |||||||||||||| ||und||
040 _cGE_BSU
080 _a902(375) + 94(375) + 39(=342.1) + 821.161.1-32
100 _aნემიროვსკი, ალექსანდრე
245 _aეტრუსკული სარკე
245 _bარქეოლოგიურ ძიებათა ისტორია. მოთხრობები
245 _cწინასიტყვ. ავ.: გრ. გიორგაძე
260 _aთბილისი
260 _bნაკადული
260 _c1974
300 _a209გვ. 23სმ.
653 _aარქეოლოგია
653 _aარქეოლოგიურ ძიებათა ისტორია. მოთხრობები
653 _aეტრუსკები;
653 _aეტრუსკული სარკე
942 _cBK
999 _c50103
_d50103